Регионална библиотека "Любен Каравелов" - Русе

Основни въпроси на обучението по пеене (Запис номер 116486)

MARC детайли
000 -Лидер
Контролно поле с фиксирана дължина 01544nam a2200349 c 4500
003 - Код на организацията, давaща контролен номер
Контролно поле BLK
005 - Дата и час на последна редакция
Контролно поле 20250116152450.0
008 - Елементи от данни с фиксирана дължина
fixed length control field 180409b bul|||||r ||||||| ||bul||
010 ## - Наследен системен номер
LC control number KNG00122032000
040 ## - Източник на каталожния запис
Идентификатор на билиотеката - собственик на записа BLK
041 ## - Код за език
Код за езика на текст/звукозапис или на отделно заглавие Български
Код за езика КДБФ Български
080 ## - УДК
Текстов определител УДК Музика
УДК код - определител по УДК 78
УДК определител (07)
УДК - код + определител 78(07)
139 ## - Редно поле
Редна дума Основни въпроси на обучението по пеене
Авторски знак Осн - О 83
245 10 - Сведения за заглавието
Заглавие Основни въпроси на обучението по пеене
Подзаглавни данни Ч. 1 - 7
Редно поле (дума) състав. и ред. Иван Иванов Пеев.
Том Ч. 2
Заглавие на том Помагало за учители в средния курс
257 ## - Страна на издаване
Страна на създаване/издаване България
260 ## - Област на издателските данни
-- София
Име на издателя, разпространителя и проч. Нар. просв.
Година на издаване 1965 -
300 ## - Физическа характеристика
Размери/Мащаб 20 см
380 ## - Жанр
Жанр Изкуство
650 #4 - Допълнително описание по предмет – тема
Основно описание – тема или топоним Музика - методика на преподаването - за основни училища
9 (RLIN) 244269
653 ## - Ключова дума – ненормативна
Ключова дума мелодичен слух
653 ## - Ключова дума – ненормативна
Ключова дума метроритмика
653 ## - Ключова дума – ненормативна
Ключова дума музика
653 ## - Ключова дума – ненормативна
Ключова дума ладове
700 ## - Други автори (авторска отговорност)
Лично име Пеев, Иван Иванов
Дати, свързани с автора 1937-2018
Друга информация Музикант, джазпианист, композитор, аранжор. Автор на песни.
9 (RLIN) 304985
760 1# - Описание на основната серия
Място на издаване, издател и година 1966
Страници - том 220 с. : с ноти
Заглавие Ч. 2 Помагало за учители в средния курс
852 ## - Местоположение
Форматна сигнатура Цб 39664
856 4# - Електронен адрес и достъп
Електронен формат pdf - файл
Път до файла /url/
856 4# - Електронен адрес и достъп
Електронен формат pdf - файл
Път до файла /url/
942 ## - АРТИКУЛИ
Вид на библиотечния материал Книги
Скрит в OPAC Не
944 ## - СЪЗДАВАНЕ И РЕДАКЦИЯ на ЗАПИСА
Създаване/Редакция Създаване
Дата на регистрацията/редакция 16.03.2011
Статус, дата на статуса Геновева Генчева
Служител, извършил регистрацията/редакцията 30560
944 ## - СЪЗДАВАНЕ И РЕДАКЦИЯ на ЗАПИСА
Създаване/Редакция Редакция
Дата на регистрацията/редакция 30.03.2018
Статус, дата на статуса добави в АБ / 15.03.2011
Служител, извършил регистрацията/редакцията Ирена_Линкова
999 ## - СИСТЕМНИ КОНТРОЛНИ НОМЕРА
Koha biblionumber 116486
Koha biblioitemnumber 116486
Наличности
Код за отписване Код за изгубен артикул Източник на класификационната схема Код за повреда Коз за рестрикции Код за отдаване Артикулен № Име на библиотеката - собственик Име на библиотеката, в която се намира в момента Статус (Текущо местоположение) Дата на вписване в системата Местоположение - отдел Цена в лева Инвентарен номер Систематично азбучна сигнатура Баркод Номер на екземпляра Цена в евро Служебна бележка Служебен тип на артикула
  Не е изгубен Universal Decimal Classification Не е повреден без рестрикции ползва се в читалня 187648 Регионална библиотека "Любен Каравелов" Русе Регионална библиотека "Любен Каравелов" Русе Хранилище 1966-01-01 Хранилище 0.64 18120/66 Цб 39664 900000098589 1 0.33 N: стар фонд Дата: 01.01.1966 Книги
Изтеглен Не е изгубен Universal Decimal Classification Не е повреден без рестрикции ползва се в читалня 187649 Регионална библиотека "Любен Каравелов" Русе Регионална библиотека "Любен Каравелов" Русе Отдел Изкуство - читалня 1966-01-01 Отдел Изкуство - читалня 0.00 17755/66 И 78(07)/О 83 17755/66 2 0.00 N: стар фонд Дата: 01.01.1966 Дата инв: 19.06.2012 Бележки инв: * Книги
Изтеглен Не е изгубен Universal Decimal Classification Не е повреден без рестрикции заемане за дома 187650 Регионална библиотека "Любен Каравелов" Русе Регионална библиотека "Любен Каравелов" Русе Отдел Изкуство - подръчен фонд 1966-01-01 Отдел Изкуство - подръчен фонд 0.00 17757/66 ИП 78(07)/О 83 17757/66 3 0.00 Дост: Pk Вид: Ф N: сф Дата: 01.01.1966 Дата инв: 03.04.2017 Бележки инв: ИП2017 Книги
Изтеглен Не е изгубен   Не е повреден без рестрикции заемане за дома 187651 Регионална библиотека "Любен Каравелов" Русе Регионална библиотека "Любен Каравелов" Русе Отчислена 1966-01-01 Отдел Изкуство - подръчен фонд 0.00 17758/66 ИП 78(07)/О 83 17758/66 4 0.00 Дост: Pk Вид: Ф N: сф Дата: 01.01.1966 Книги
Vip Innovations Ltd, Rousse, Bulgaria 2025